<?xml version="1.0" encoding="UTF-8"?><?xml-stylesheet type="text/xsl" href="static/style.xsl"?><OAI-PMH xmlns="http://www.openarchives.org/OAI/2.0/" xmlns:xsi="http://www.w3.org/2001/XMLSchema-instance" xsi:schemaLocation="http://www.openarchives.org/OAI/2.0/ http://www.openarchives.org/OAI/2.0/OAI-PMH.xsd"><responseDate>2026-06-29T22:13:31Z</responseDate><request verb="GetRecord" identifier="oai:riubu.ubu.es:10259/6529" metadataPrefix="marc">https://riubu.ubu.es/oai/request</request><GetRecord><record><header><identifier>oai:riubu.ubu.es:10259/6529</identifier><datestamp>2022-04-01T07:45:18Z</datestamp><setSpec>com_10259.4_103</setSpec><setSpec>com_10259.4_1</setSpec><setSpec>com_10259_2604</setSpec><setSpec>col_10259_6527</setSpec></header><metadata><record xmlns="http://www.loc.gov/MARC21/slim" xmlns:doc="http://www.lyncode.com/xoai" xmlns:xsi="http://www.w3.org/2001/XMLSchema-instance" xmlns:dcterms="http://purl.org/dc/terms/" xsi:schemaLocation="http://www.loc.gov/MARC21/slim http://www.loc.gov/standards/marcxml/schema/MARC21slim.xsd">
<leader>00925njm 22002777a 4500</leader>
<datafield tag="042" ind1=" " ind2=" ">
<subfield code="a">dc</subfield>
</datafield>
<datafield tag="720" ind1=" " ind2=" ">
<subfield code="a">Delibes de Castro, Germán .</subfield>
<subfield code="e">author</subfield>
</datafield>
<datafield tag="260" ind1=" " ind2=" ">
<subfield code="c">2018</subfield>
</datafield>
<datafield tag="520" ind1=" " ind2=" ">
<subfield code="a">Entre 1976 y 1998 desarrollamos un proyecto de investigación&#xd;
sobre los sepulcros megalíticos de La Lora, centrado especialmente&#xd;
en el entorno de Sedano (Burgos). Veinte años después&#xd;
consideramos obligado ofrecer un balance de aquella tarea, no tanto&#xd;
con objeto de destacar el interés de sus resultados científicos como&#xd;
de denunciar, de cara a posibles futuros trabajos, el enorme deterioro&#xd;
y la desestabilización sufridos por los dólmenes a resultas de su&#xd;
excavación. La enseñanza –todo un mea culpa de los titulares de la&#xd;
investigación– parece clara: no se recomienda emprender nuevas&#xd;
actuaciones arqueológicas mientras no se acompañen de un programa&#xd;
específico de recuperación de los monumentos intervenidos.</subfield>
</datafield>
<datafield tag="520" ind1=" " ind2=" ">
<subfield code="a">Between 1976 and 1998 we developed a research project on some megalithic tombs in the region of La Lora, focused especially&#xd;
on those located in the area of Sedano (Burgos). Twenty years&#xd;
later we feel obliged to present an overview of that project, not so much in order to highlight its scientific results, as to denounce for&#xd;
future projects the extreme decay and deterioration that those megaliths&#xd;
have undergone as a result of their excavation. The lesson&#xd;
learnt –a real mea culpa on the part of the main researchers– seems&#xd;
clear: new archaeological works are not recommended if they do not&#xd;
include a strategy for recovering the excavated monuments.</subfield>
</datafield>
<datafield tag="024" ind2=" " ind1="8">
<subfield code="a">0211-8998</subfield>
</datafield>
<datafield tag="024" ind2=" " ind1="8">
<subfield code="a">http://hdl.handle.net/10259/6529</subfield>
</datafield>
<datafield ind1=" " ind2=" " tag="653">
<subfield code="a">Sepulcros megalíticos</subfield>
</datafield>
<datafield ind1=" " ind2=" " tag="653">
<subfield code="a">Excavaciones</subfield>
</datafield>
<datafield ind1=" " ind2=" " tag="653">
<subfield code="a">Arquitectura monumental</subfield>
</datafield>
<datafield ind1=" " ind2=" " tag="653">
<subfield code="a">Amenazas patrimoniales</subfield>
</datafield>
<datafield ind1=" " ind2=" " tag="653">
<subfield code="a">Restauración</subfield>
</datafield>
<datafield ind1=" " ind2=" " tag="653">
<subfield code="a">Difusión</subfield>
</datafield>
<datafield ind1=" " ind2=" " tag="653">
<subfield code="a">Megalithic tombs</subfield>
</datafield>
<datafield ind1=" " ind2=" " tag="653">
<subfield code="a">Excavations</subfield>
</datafield>
<datafield ind1=" " ind2=" " tag="653">
<subfield code="a">Monumental architecture</subfield>
</datafield>
<datafield ind1=" " ind2=" " tag="653">
<subfield code="a">Heritage threats</subfield>
</datafield>
<datafield ind1=" " ind2=" " tag="653">
<subfield code="a">Restoration</subfield>
</datafield>
<datafield ind1=" " ind2=" " tag="653">
<subfield code="a">Diffusion</subfield>
</datafield>
<datafield tag="245" ind1="0" ind2="0">
<subfield code="a">Balance de medio siglo de estudio, salvaguarda y promoción del patrimonio megalítico de La Lora burgalesa</subfield>
</datafield>
</record></metadata></record></GetRecord></OAI-PMH>